[Event "Open Nord 2015/2016"]
[Site "Meyreuil"]
[Date "2016.03.18"]
[Round "8.12"]
[White "Marcant, Jean-Marc"]
[Black "Hidreau, Olivier"]
[Result "0-1"]
[WhiteElo "1253"]
[BlackElo "1419"]
[PlyCount "100"]

1. e4 e6 2. d4 d5 3. exd5 exd5 4. Nc3 c6 5. Nf3 Bg4 6. Be2 Nf6 7. O-O Nbd7 8.
Bg5 Be7 9. Re1 O-O 10. Qd2 Re8 11. Ne5 Bxe2 12. Rxe2 Nxe5 13. Rxe5 Nd7 14. Bxe7
Rxe7 15. Rxe7 Qxe7 16. Re1 Qf8 17. Qe3 Nf6 18. Qe7 Re8 19. Qxf8+ Kxf8 20. Rxe8+
Kxe8 21. f3 Ke7 22. g4 g5 23. Kg2 b5 24. b4 Nd7 25. a4 a6 26. a5 Ke6 27. Kg3 h6
28. Nd1 f5 29. gxf5+ Kxf5 30. Ne3+ Kg6 31. Ng4 h5 32. Ne5+ Nxe5 33. dxe5 Kf5
34. h4 gxh4+ 35. Kxh4 Kxe5 36. Kxh5 Kf4 37. Kg6 d4 38. Kf6 Kxf3 39. Ke5 Ke3 40.
Kd6 Kd2 41. Kc5 Kc3 42. Kb6 Kxc2 43. Kxa6 d3 44. Kb6 d2 45. a6 d1=Q 46. a7 Qd8+
47. Kb7 Kb3 48. a8=Q Qxa8+ 49. Kxa8 Kxb4 50. Kb7 c5 0-1

[Event "Open Nord 2015/2016"]
[Site "Meyreuil"]
[Date "2016.03.18"]
[Round "8.13"]
[White "Husson, Etienne"]
[Black "Pietrac, Christian"]
[Result "0-1"]
[WhiteElo "1082"]
[BlackElo "1200"]
[PlyCount "50"]

1. d4 Nf6 2. c4 d6 3. Nc3 Bg4 4. Qb3 b6 5. e3 g6 6. Qb5+ c6 7. Qg5 Bf5 8. Nf3
Ne4 9. Nxe4 Bxe4 10. Nd2 Bf5 11. Be2 Bg7 12. Bf3 O-O 13. O-O d5 14. b4 Bd3 15.
Rd1 dxc4 16. b5 Qd6 17. bxc6 Qc7 18. Ba3 Re8 19. Qb5 a6 20. Qa4 b5 21. Qb4 Nxc6
22. Qc5 Rac8 23. Nb3 e5 24. Bd5 exd4 25. Nxd4 Nxd4 0-1

[Event "Open Nord 2015/2016"]
[Site "Meyreuil"]
[Date "2016.03.18"]
[Round "8.14"]
[White "Salvi, Angele"]
[Black "Renoulet, Francoise"]
[Result "1-0"]
[WhiteElo "1123"]
[BlackElo "1060"]
[PlyCount "87"]

1. e4 c5 2. Nf3 Nc6 3. d4 cxd4 4. Nxd4 Nf6 5. Nc3 g6 6. Be2 Bg7 7. Be3 O-O 8.
Qd2 d6 9. O-O-O Qc7 10. Ndb5 Qd8 11. h3 a6 12. Nd4 Bd7 13. f4 e6 14. Bf3 Qc7
15. Nde2 b5 16. Qxd6 Qa5 17. a3 b4 18. axb4 Nxb4 19. e5 Na2+ 20. Nxa2 Nd5 21.
Bxd5 exd5 22. Qxd5 Bb5 23. Nec3 Rfd8 24. Qf3 Rac8 25. Rxd8+ Rxd8 26. Rd1 Bf8
27. Nxb5 Bb4 28. Rxd8+ Kg7 29. Qd5 Bd2+ 30. Bxd2 Qb6 31. Rd7 Qg1+ 32. Be1 Qxe1+
33. Qd1 Qa5 34. Nbc3 Qc5 35. Kb1 Qf2 36. Qf3 Qg1+ 37. Rd1 Qh2 38. Ne2 f5 39.
Qb7+ Kh6 40. Qf3 a5 41. Qg3 Qxg3 42. Nxg3 Kg7 43. Rd7+ Kh6 44. e6 1-0

[Event "Open Nord 2015/2016"]
[Site "Meyreuil"]
[Date "2016.04.22"]
[Round "9.1"]
[White "Mamah, Isabelle"]
[Black "Jean, Nicolas"]
[Result "1-0"]
[WhiteElo "1863"]
[BlackElo "1927"]
[PlyCount "59"]

1. e4 c6 2. d4 d5 3. exd5 cxd5 4. Bd3 Nc6 5. c3 Nf6 6. Bf4 Bg4 7. Qb3 Qd7 8.
Nd2 e6 9. Ngf3 Bxf3 10. Nxf3 Na5 11. Qc2 Bd6 12. Bxd6 Qxd6 13. Ne5 O-O 14. O-O
Rac8 15. f4 Nc6 16. Qe2 Ne7 17. g4 Nd7 18. Rad1 Rfd8 19. g5 g6 20. Bb5 Nc6 21.
Qg2 a6 22. Bxc6 bxc6 23. Qh3 c5 24. dxc5 Qxc5+ 25. Kh1 Qe7 26. Ng4 Kh8 27. Qd3
Rc4 28. b3 Rc6 29. Qd4+ Kg8 30. Nh6+ 1-0

[Event "Open Nord 2015/2016"]
[Site "Meyreuil"]
[Date "2016.04.22"]
[Round "9.2"]
[White "Tchifteyan, Philippe"]
[Black "Andriamandimbisoa, Mathieu"]
[Result "0-1"]
[WhiteElo "1650"]
[BlackElo "1732"]
[PlyCount "176"]

1. e4 e6 2. d4 d5 3. e5 c5 4. c3 Nc6 5. Nf3 Qb6 6. a3 c4 7. Qc2 Bd7 8. Bf4 Nge7
9. Be2 Nf5 10. Nbd2 Na5 11. Bd1 Rc8 12. O-O h6 13. g4 Ne7 14. Bg3 g5 15. h4
gxh4 16. Nxh4 Rg8 17. Kh2 Ng6 18. Nxg6 Rxg6 19. f4 Rg7 20. Bh4 Be7 21. Kh3 Bxh4
22. Kxh4 Qd8+ 23. Kh3 Ke7 24. Nf3 Qc7 25. Nh4 Rcg8 26. Nf3 Qd8 27. Rg1 Qf8 28.
Qh2 Kd8 29. Rg3 Nc6 30. Be2 f5 31. Nh4 fxg4+ 32. Rxg4 Rxg4 33. Bxg4 Qg7 34. Qg2
Qh7 35. Qe2 h5 36. Bf3 Qg7 37. Qf2 Qh6 38. Be2 Ne7 39. Rf1 Kc7 40. Kh2 Qh7 41.
Bf3 Nf5 42. Bd1 Nxh4 43. Qxh4 Qe4 44. Bf3 Qc2+ 45. Qf2 Qf5 46. Bd1 Rg7 47. Rg1
Rf7 48. Rf1 Be8 49. Qh4 Rg7 50. Rg1 Rxg1 51. Kxg1 Qb1 52. Qe1 Qxb2 53. f5 exf5
54. e6 Kd8 55. e7+ Kc7 56. Qe5+ Kd7 57. Ba4+ b5 58. Qxd5+ Kxe7 59. Qe5+ Kd8 60.
Qb8+ Ke7 61. Qxa7+ Kf8 62. Qc5+ Kg7 63. Qe7+ Bf7 64. Qe5+ Kg6 65. Bxb5 Qb1+ 66.
Kf2 Qc2+ 67. Qe2 Qxc3 68. a4 Qxd4+ 69. Ke1 Qa1+ 70. Kf2 Qd4+ 71. Ke1 Qa1+ 72.
Kf2 Qd4+ 73. Ke1 c3 74. Qg2+ Kf6 75. Qc2 Qg1+ 76. Ke2 Qg2+ 77. Kd3 Qxc2+ 78.
Kxc2 Bd5 79. Kxc3 h4 80. Bf1 Ke5 81. Kd2 Kf4 82. Ke1 Kg3 83. Kd2 h3 84. Bxh3
Kxh3 85. Ke3 Kg3 86. Kd4 Ba8 87. Ke3 f4+ 88. Ke2 Kg2 0-1

[Event "Open Nord 2015/2016"]
[Site "Meyreuil"]
[Date "2016.04.22"]
[Round "9.3"]
[White "Scamaroni, Jean-Paul"]
[Black "Vialette, Eric"]
[Result "1-0"]
[WhiteElo "1607"]
[BlackElo "1638"]
[PlyCount "79"]

1. d4 Nf6 2. c4 c5 3. d5 b5 4. cxb5 a6 5. bxa6 Bxa6 6. Nc3 d6 7. f4 g6 8. Nf3
Bg7 9. e4 Bxf1 10. Rxf1 Nfd7 11. Kf2 O-O 12. Re1 f6 13. Kg1 Qb6 14. Qe2 Na6 15.
Rb1 Nc7 16. b3 Ra7 17. Be3 Qb4 18. Qc2 Rfa8 19. Bd2 Qb8 20. a4 Rb7 21. Na2 Na6
22. Bc3 Qa7 23. Kh1 Rab8 24. Nd2 Rc7 25. Nc4 Nb4 26. Nxb4 cxb4 27. Ba1 Nb6 28.
Bd4 Qa6 29. Bxb6 Rxb6 30. Qf2 Rb8 31. Qg3 Qc8 32. e5 fxe5 33. fxe5 dxe5 34.
Nxe5 Qf5 35. Nc6 Rbc8 36. Rbd1 Bf6 37. Qe3 e5 38. Rf1 Bg5 39. Rxf5 Bxe3 40.
Rxe5 1-0

[Event "Open Nord 2015/2016"]
[Site "Meyreuil"]
[Date "2016.04.22"]
[Round "9.4"]
[White "Schiano-Lomoriello, Didier"]
[Black "Bouriel, Michel"]
[Result "1-0"]
[WhiteElo "1607"]
[BlackElo "1485"]
[PlyCount "61"]

1. e4 c5 2. Nf3 d6 3. d4 cxd4 4. Nxd4 Nf6 5. Nc3 g6 6. Be3 Bg7 7. f3 O-O 8. Qd2
Nc6 9. O-O-O Ne5 10. h4 Nh5 11. g4 Ng3 12. Rh3 Nxf1 13. Rxf1 h5 14. Rhh1 Nc4
15. Qe2 Nxe3 16. Qxe3 hxg4 17. h5 Qb6 18. Rd1 gxf3 19. Nd5 Qd8 20. Nxf3 Bg4 21.
h6 Be5 22. Nxe5 Bxd1 23. Rxd1 dxe5 24. Nf6+ exf6 25. Rxd8 Rfxd8 26. Qc5 Rd7 27.
Qf2 Rad8 28. b3 Rd6 29. Qxa7 R8d7 30. Qa8+ Kh7 31. Qf8 1-0

[Event "Open Nord 2015/2016"]
[Site "Meyreuil"]
[Date "2016.04.22"]
[Round "9.5"]
[White "Corrias, Robert"]
[Black "Graells, Christian"]
[Result "0-1"]
[WhiteElo "1606"]
[BlackElo "1592"]
[PlyCount "110"]

1. Nf3 d5 2. d4 Nf6 3. Nbd2 e6 4. e3 Be7 5. Bd3 Nbd7 6. O-O c5 7. c3 Qc7 8. Bc2
c4 9. Re1 O-O 10. Qe2 Re8 11. e4 dxe4 12. Nxe4 b5 13. Bg5 Bb7 14. Ng3 h6 15.
Bd2 Bd6 16. Ne5 Re7 17. f4 Rae8 18. a4 a6 19. axb5 axb5 20. Ra7 Qb6 21. Rea1
Nb8 22. R7a2 Nd5 23. Qh5 f5 24. Qe2 Nf6 25. Re1 Nc6 26. Kh1 Nd8 27. Be3 Bd5 28.
Rea1 Bb7 29. Qf2 Nd5 30. Bd1 Nc6 31. Bf3 b4 32. Nxc4 Qc7 33. Ne5 bxc3 34. bxc3
Nxc3 35. Rc2 Nb4 36. Rb2 Bxf3 37. Qxf3 Nbd5 38. Rc1 Bxe5 39. dxe5 Qa5 40. Rbc2
Rc8 41. Ne2 Rec7 42. Bd2 Rc4 43. Nxc3 Nb4 44. Rb2 Nd5 45. Rcb1 Nxc3 46. Bxc3
Rxc3 47. Qf1 Qc5 48. Re1 Qa3 49. Rbe2 R8c4 50. h3 Qb4 51. g3 Rxg3 52. Kh2 Rcc3
53. Rb1 Rxh3+ 54. Qxh3 Rxh3+ 55. Kxh3 Qxb1 0-1

[Event "Open Nord 2015/2016"]
[Site "Meyreuil"]
[Date "2016.04.22"]
[Round "9.6"]
[White "Lupinacci, Patrick"]
[Black "Lemarchand, Fabien"]
[Result "1-0"]
[WhiteElo "1442"]
[BlackElo "1536"]
[PlyCount "91"]

1. e4 c5 2. Nf3 Nc6 3. Bc4 Nf6 4. Nc3 Na5 5. Be2 e6 6. b3 d5 7. Bb5+ Nc6 8.
exd5 exd5 9. O-O a6 10. Bxc6+ bxc6 11. d3 Be7 12. Bg5 O-O 13. Na4 Re8 14. Rb1
Bf8 15. Re1 Be6 16. Ne5 Rc8 17. Qf3 h6 18. Bxf6 Qxf6 19. Qxf6 gxf6 20. Nf3 Bd6
21. Nc3 Bc7 22. Na4 Bd6 23. h3 Kh7 24. c4 Rg8 25. Kh1 Rg7 26. Nc3 Rcg8 27. Rg1
f5 28. Ne2 f4 29. Kh2 Bf5 30. Rbd1 Re8 31. Rge1 Reg8 32. Nh4 f3+ 33. Ng3 Bxg3+
34. fxg3 Be6 35. g4 fxg2 36. Nxg2 h5 37. Nf4 hxg4 38. Nxe6 fxe6 39. Rxe6 gxh3
40. Kxh3 Rg3+ 41. Kh2 R3g5 42. Re3 Rg2+ 43. Kh1 Rxa2 44. Rh3+ Kg7 45. Rg1+ Kf7
46. Rf3+ 1-0

[Event "Open Nord 2015/2016"]
[Site "Meyreuil"]
[Date "2016.04.22"]
[Round "9.7"]
[White "Salvi, Michel"]
[Black "Andonian, Pierre"]
[Result "1-0"]
[WhiteElo "1688"]
[BlackElo "1496"]
[PlyCount "41"]

1. e4 e5 2. Nf3 d6 3. d4 exd4 4. Nxd4 Nf6 5. Nc3 Be7 6. Be2 Bd7 7. g4 Nc6 8. g5
Ng8 9. Nxc6 Bxc6 10. f4 f5 11. Qd4 Bf8 12. Bh5+ Kd7 13. Bd2 Qe7 14. O-O-O Bxe4
15. Rhe1 c5 16. Qa4+ Kc7 17. Nxe4 fxe4 18. Rxe4 Qd7 19. Ba5+ b6 20. Bxb6+ Kxb6
21. Qxd7 1-0

[Event "Open Nord 2015/2016"]
[Site "Meyreuil"]
[Date "2016.04.22"]
[Round "9.8"]
[White "Ribelles, Anthony"]
[Black "Pelopidas, Florian"]
[Result "0-1"]
[WhiteElo "1426"]
[BlackElo "1519"]
[PlyCount "98"]

1. e4 c5 2. Nf3 d6 3. d4 cxd4 4. Nxd4 Nf6 5. Nc3 a6 6. Be3 e5 7. Nb3 Be6 8. f3
Nbd7 9. g4 Be7 10. g5 Nh5 11. Qd2 O-O 12. Nd5 Bxd5 13. exd5 Qc7 14. O-O-O Rac8
15. Bd3 g6 16. h4 Nb6 17. Bf1 Nc4 18. Bxc4 Qxc4 19. Kb1 Qc7 20. Rc1 Qd7 21. f4
exf4 22. Bxf4 Nxf4 23. Qxf4 f6 24. Qh2 fxg5 25. hxg5 Bxg5 26. Rcg1 Bf6 27. Qh6
Qg7 28. Qh3 Rce8 29. c3 Be5 30. Rg2 Qf7 31. c4 Qf5+ 32. Kc1 Qxh3 33. Rxh3 b6
34. Kc2 Rf7 35. Nd2 Rf4 36. b3 Ref8 37. Kd3 Rf2 38. Rxf2 Rxf2 39. a3 Rh2 40.
Rf3 Rh4 41. b4 Rf4 42. Rxf4 Bxf4 43. c5 bxc5 44. bxc5 Bxd2 45. Kxd2 dxc5 46.
Kc3 Kf7 47. Kc4 h5 48. Kxc5 Ke7 49. Kc6 Kd8 0-1

[Event "Open Nord 2015/2016"]
[Site "Meyreuil"]
[Date "2016.04.22"]
[Round "9.10"]
[White "Hidreau, Olivier"]
[Black "Cens, Alain"]
[Result "1-0"]
[WhiteElo "1409"]
[BlackElo "1444"]
[PlyCount "65"]

1. e4 d5 2. exd5 Nf6 3. d4 Bg4 4. f3 Bf5 5. c4 c6 6. Qb3 Qc7 7. Bd3 Bxd3 8.
Qxd3 cxd5 9. c5 Nc6 10. Ne2 g6 11. a3 Bg7 12. Nbc3 O-O 13. Bf4 Qd7 14. O-O Nh5
15. Be3 Rfe8 16. Rad1 Na5 17. Qb5 Qxb5 18. Nxb5 Nc4 19. Bc1 Red8 20. f4 f5 21.
Nc7 Rac8 22. Ne6 Re8 23. Nxg7 Kxg7 24. Rf3 Nf6 25. b3 Na5 26. Bd2 Nc6 27. b4 a5
28. b5 Nxd4 29. Nxd4 e5 30. fxe5 Rxe5 31. c6 bxc6 32. Nxc6 Re4 33. Bxa5 1-0

[Event "Open Nord 2015/2016"]
[Site "Meyreuil"]
[Date "2016.04.22"]
[Round "9.11"]
[White "Amoros, Jean"]
[Black "Fastier, Adrien"]
[Result "1-0"]
[WhiteElo "1459"]
[BlackElo "1326"]
[PlyCount "43"]

1. e4 e5 2. Nf3 Nc6 3. Bc4 Nf6 4. d4 exd4 5. e5 d5 6. Bb3 Ne4 7. Nxd4 Nc5 8.
O-O Nxd4 9. Qxd4 Nxb3 10. axb3 a6 11. Nc3 Be6 12. b4 b5 13. f4 Rc8 14. Kh1 c5
15. bxc5 Bxc5 16. Qd1 b4 17. f5 bxc3 18. fxe6 fxe6 19. Rxa6 Qd7 20. Qg4 Ke7 21.
Bg5+ Ke8 22. Rxe6+ 1-0

[Event "Open Nord 2015/2016"]
[Site "Meyreuil"]
[Date "2016.04.22"]
[Round "9.12"]
[White "Pietrac, Christian"]
[Black "Perdiolat, Francis"]
[Result "0-1"]
[WhiteElo "1190"]
[BlackElo "1398"]
[PlyCount "92"]

1. Nf3 Nf6 2. d3 g6 3. g3 Bg7 4. Bg2 O-O 5. O-O d6 6. Nbd2 c5 7. Re1 Nc6 8. c3
Rb8 9. e4 Bg4 10. h3 Bd7 11. Nf1 Qc8 12. e5 dxe5 13. Nxe5 Nxe5 14. Rxe5 Bxh3
15. Rxe7 Bxg2 16. Kxg2 Qc6+ 17. Qf3 Qxf3+ 18. Kxf3 Rfd8 19. Ke2 Re8 20. Re3 b6
21. Rxe8+ Rxe8+ 22. Kd1 Ng4 23. Be3 Rd8 24. Kc2 Rd6 25. Re1 Re6 26. Kd2 Rd6 27.
Bf4 Rd8 28. Be3 Ne5 29. Kc2 Nxd3 30. Rd1 c4 31. b3 b5 32. Bxa7 Ra8 33. Bd4
Rxa2+ 34. Kb1 Rb2+ 35. Ka1 Rxb3 36. Bxg7 Kxg7 37. Rb1 Rxb1+ 38. Kxb1 Nxf2 39.
Kc2 Kf6 40. Kd2 Ke5 41. Kc2 Ke4 42. Kd2 Kf3 43. Ke1 Ne4 44. Nd2+ Nxd2 45. Kxd2
Kxg3 46. Ke3 f5 0-1

[Event "Open Nord 2015/2016"]
[Site "Meyreuil"]
[Date "2016.04.22"]
[Round "9.13"]
[White "Schoeni, Christine"]
[Black "Marcant, Jean-Marc"]
[Result "0-1"]
[WhiteElo "1115"]
[BlackElo "1242"]
[PlyCount "78"]

1. d4 d5 2. Nf3 Nf6 3. e3 Nc6 4. c3 Bg4 5. Be2 Bxf3 6. Bxf3 e5 7. Nd2 e4 8. Be2
Bd6 9. O-O O-O 10. f3 Re8 11. f4 Qd7 12. h3 Nh5 13. Qe1 Ne7 14. Bxh5 c5 15. Nb3
c4 16. Nd2 g6 17. Bg4 f5 18. Be2 b5 19. b3 a5 20. Bb2 Rec8 21. a3 a4 22. b4 h6
23. Qg3 Kh7 24. h4 Rg8 25. Qh3 Rg7 26. Rf2 Ng8 27. h5 Nf6 28. g4 Nxg4 29. Bxg4
fxg4 30. Qh4 Be7 31. Qh2 g3 32. Qxg3 gxh5 33. Rg2 Rxg3 34. Rxg3 Rg8 35. Nf1
Rxg3+ 36. Nxg3 Qg4 37. Kg2 Bh4 38. Kg1 Qxg3+ 39. Kf1 Qf2# 0-1

[Event "Open Nord 2015/2016"]
[Site "Meyreuil"]
[Date "2016.04.22"]
[Round "9.14"]
[White "Person, Claude"]
[Black "Salvi, Angele"]
[Result "1-0"]
[WhiteElo "1229"]
[BlackElo "1120"]
[PlyCount "79"]

1. e4 c5 2. Nf3 d6 3. Nc3 a6 4. d4 cxd4 5. Nxd4 e5 6. Nf3 Be7 7. Be2 Nc6 8. Be3
Nf6 9. h3 h6 10. O-O Be6 11. b3 O-O 12. Nh2 Rc8 13. Bf3 Qa5 14. Bd2 d5 15. Nxd5
Bb4 16. Nxf6+ gxf6 17. Bxb4 Nxb4 18. c4 Rcd8 19. Qb1 Qb6 20. a3 Nd3 21. Qc2 Rd6
22. b4 Qd4 23. c5 Qb2 24. Qxb2 Nxb2 25. cxd6 f5 26. Rab1 Nc4 27. Rfd1 Nxa3 28.
Rbc1 Bd7 29. Rc7 Ba4 30. d7 Bxd1 31. Rc8 Ba4 32. Rxf8+ Kxf8 33. d8=Q+ Be8 34.
exf5 b5 35. Bc6 Kg7 36. Qxe8 Kf6 37. Ng4+ Kg5 38. Qxe5 Nc4 39. Qf6+ Kf4 40. g3#
1-0